000 01141nam a2200277 a 4500
001 4433179
008 150227s1994 ||||||||||||||||| || u
010 _a94022213
020 _a0805813764 (alk. paper)
050 _aLB1060 .S876 1994
100 _aBrown, Donald R
245 1 0 _aStudent motivation, cognition, and learning : essays in honor of Wilbert J. McKeachie
_cedited by Paul R. Pintrich, Donald R. Brown, Claire Ellen Weinstein.
260 _aHillsdale, N.J.
_bL. Erlbaum
_c1994
300 _axv, 403 p. : ill. ; 24 cm.
500 _aIncludes bibliographical references and indexes.
650 0 _aMOTIVATION IN EDUCATION
650 0 _aMcKeachie, Wilbert James, 1921-
650 0 _aLEARNING, PSYCHOLOGY OF
650 0 _aCOGNITIVE LEARNING
650 0 _aCOLLEGE TEACHING
700 _aWeinstein, Claire E
700 _aMcKeachie, Wilbert James
700 _aPintrich, Paul R
856 _uhttp://www.loc.gov/catdir/enhancements/fy0745/94022213-d.html
995 _FCBU-MAIN LIBRARY (Kitwe)
_M1
_UAVAILABLE
_WSep 24, 2019
_ZMain Library Open Access Collection
999 _c58748
_d58748